000 00846nam a2200241 a 4500
001 000018630
005 20260429135248.0
008 100512s1942 sp 000 0 spa d
040 _aDO-SdBNP
_bspa
_cBNPHU
082 _a809
_bS112r
100 1 _aSaavedra Fajardo, Diego de,
_d1584-1648
_98004
245 1 0 _aRepública literaria /
_cSaavedra Fajardo ; edición y notas de Vicente García de Diego.
260 _aMadrid :
_bEspasa-Escape,
_c1942.
300 _aLvi, 134, [1] p. ;
_c19 cm.
490 1 _aClásicos castellanos
_v46
504 _aIncluye referencias bibliográficas y notas al pie de las páginas.
650 0 _aLiteratura
_xHistoria y crítica
_9835
650 4 _aLiteratura española
_9632
700 1 _aGarcía de Diego, Vicente,
_eed.
_940261
830 0 _aClásicos castellanos ;
_v46
_94180
910 _aWM
049 _aBNGR
999 _c18150
_d18150